Vanarāja ke rāja meṃ / (Record no. 62024)
[ view plain ]
| 000 -LEADER | |
|---|---|
| fixed length control field | 00551cam a22001934a 4500 |
| 001 - CONTROL NUMBER | |
| control field | sa 65001342 |
| 003 - CONTROL NUMBER IDENTIFIER | |
| control field | DLC |
| 005 - DATE AND TIME OF LATEST TRANSACTION | |
| control field | 20260227112109.0 |
| 008 - FIXED-LENGTH DATA ELEMENTS--GENERAL INFORMATION | |
| fixed length control field | 840917s1956 ii a j 000 0 hino |
| 010 ## - LIBRARY OF CONGRESS CONTROL NUMBER | |
| LC control number | sa 65001342 |
| 040 ## - CATALOGING SOURCE | |
| Original cataloging agency | DLC |
| Transcribing agency | DLC |
| 050 00 - LIBRARY OF CONGRESS CALL NUMBER | |
| Classification number | QL791 |
| Item number | .V5 1956 |
| 100 0# - MAIN ENTRY--PERSONAL NAME | |
| Personal name | Virāja, |
| Titles and words associated with a name | Ema. E. |
| 245 10 - TITLE STATEMENT | |
| Title | Vanarāja ke rāja meṃ / |
| Statement of responsibility, etc. | lekhaka, Virāja. |
| 260 ## - PUBLICATION, DISTRIBUTION, ETC. | |
| Place of publication, distribution, etc. | Dillī : |
| Name of publisher, distributor, etc. | Ātmārāma eṇḍa Saṃsa, |
| Date of publication, distribution, etc. | 1956. |
| 300 ## - PHYSICAL DESCRIPTION | |
| Extent | 2, 191 p. : |
| Other physical details | ill. ; |
| Dimensions | 23 cm. |
| 500 ## - GENERAL NOTE | |
| General note | "Sacitra." |
| 650 #0 - SUBJECT ADDED ENTRY--TOPICAL TERM | |
| Topical term or geographic name entry element | Animals |
| Form subdivision | Anecdotes |
| -- | Juvenile literature. |
No items available.